000 00564nam a2200241 a 4500
001 nice12345678
003 IN_TiNIC
005 20260116012635.0
008 050524s1989 a grp 000 0 urd
020 _a
_c10
082 0 0 _a297.63
_bNAD1
100 _aNadwi, S Abul Hasan Ali
245 _aInsaniyat Ke Mohsin-E-Aazam
260 _a
_b
_c1989
300 _a32p
500 _aincludes index and biblioraphy
505 2 _aIndex
650 _aMuhammad, Prophet
700 1 _aNadwi, S Abul Hasan Ali
902 _bSRS
942 _cBK
999 _c7761
_d7761